中国地级市人口密度前50名 Top 50 China prefectures by population density(2020) - Statistics

General Stats
  • This quiz has been taken 231 times
  • The average score is 35 of 50
Answer Stats
城市 人口密度(人/km2) % Correct
深圳 8828
99%
上海 3924
98%
厦门 3045
97%
北京 1334
97%
广州 2521
95%
苏州 1473
95%
无锡 1612
94%
成都 1461
94%
武汉 1439
93%
南京 1415
93%
天津 1159
93%
常州 1208
92%
东莞 4260
91%
佛山 2507
90%
珠海 1411
90%
青岛 895
90%
长沙 851
89%
郑州 1695
88%
济南 902
87%
中山 2483
86%
宁波 960
86%
合肥 819
82%
南昌 870
80%
西安 1205
79%
镇江 836
78%
嘉兴 1281
74%
汕头 2501
73%
泉州 798
71%
温州 792
71%
徐州 772
71%
潮州 817
59%
开封 774
59%
太原 761
58%
揭阳 1060
56%
舟山 795
54%
淄博 790
54%
海口 1258
51%
莆田 777
50%
泰州 781
46%
廊坊 855
45%
枣庄 846
40%
邯郸 780
40%
许昌 877
36%
阜阳 810
36%
新乡 755
34%
周口 754
34%
济宁 747
34%
漯河 880
29%
濮阳 900
24%
焦作 865
24%
No matching quizzes found
Score Distribution
Percent of People with Each Score
Percentile by Number Answered
Your Score History
You have not taken this quiz